000 01403nam a2200409Ia 4500
001 dia_6311
003 CHAP
005 20240419170651.0
007 ta
008 220117s1987 mx a fr 001 0 spa d
010 _a177789
020 _a958-880-081-3
040 _cCHAP
_amxchpua
041 1 _aspa
_heng
050 1 0 _aHF5548.2
_b.S56 1987
082 0 0 _a005.1
_bS56 1987
_220
100 1 _9162163
_aSingelmann, Jay
_eautor
240 1 _aBusiness programming logic: a structured approach.
_lEspañol
245 1 0 _aProgramación lógica aplicada a la administración :
_bun enfoque estructurado /
_cJay Singelmann y Jean Longhurst ; traducción María de Lourdes Fournier García
250 _a3a edición
264 _aMéxico :
_bPrentice-Hall,
_c1987
300 _axii, 336 páginas :
_bilustraciones
336 _2rdacontent
_atexto
_btxt
337 _2rdamedia
_asin medio
_bn
338 _2rdacarrier
_avolumen
_bnc
650 1 0 _aDiagramas de flujo
_932400
650 1 0 _aNegocios
_xProcesamiento de datos
_9154473
650 1 0 _aBusiness
_xData processing
_9154471
650 1 0 _aFlow charts
_9162164
700 1 _aLonghurst, Jean
_9162166
_eautor
700 1 _aFournier García, María de Lourdes
_942770
_etraductora
901 _a005.1 S56 1987
902 _aA
905 _a5232271987 mx in 8222223322spa16
942 _2ddc
942 _cLIBRO
_2ddc
999 _c177789
_d177789